Online
Catalog

Guía temática del examen general único para médicos aspirantes a plazas de residencias / (Record no. 29568)

MARC details
000 -CABECERA
campo de control de longitud fija 00698nam a2200181 a 4500
001 - NÚMERO DE CONTROL
campo de control 000030076
005 - FECHA Y HORA DE LA ÚLTIMA TRANSACCIÓN
campo de control 20200930060025.0
008 - DATOS DE LONGITUD FIJA--INFORMACIÓN GENERAL
campo de control de longitud fija 110428s2003 dr 000 0 spa d
040 ## - FUENTE DE LA CATALOGACIÓN
Centro catalogador/agencia de origen DO-SdBNP
Lengua de catalogación spa
Centro/agencia transcriptor BNPHU
082 ## - NÚMERO DE LA CLASIFICACIÓN DECIMAL DEWEY
Número de clasificación xxx
Número de documento/Ítem G943t
049 ## - FONDOS LOCALES (OCLC)
Fondos de biblioteca BNPD
245 01 - MENCIÓN DE TÍTULO
Título Guía temática del examen general único para médicos aspirantes a plazas de residencias /
Mención de responsabilidad, etc. Presentación Alejandro Pichardo ; introducción José García Ramírez.
260 ## - PUBLICACIÓN, DISTRIBUCIÓN, ETC.
Lugar de publicación, distribución, etc. Santo DOmingo :
Nombre del editor, distribuidor, etc. Consejo Nacional de Residencias Médicas,
Fecha de publicación, distribución, etc. 2003.
Fabricante Editora Universitaria, (UASD)
300 ## - DESCRIPCIÓN FÍSICA
Extensión 66 p. ;
Dimensiones 28 cm.
504 ## - NOTA DE BIBLIOGRAFÍA, ETC.
Nota de bibliografía, etc. Bibliografía : p. 15
700 1# - PUNTO DE ACCESO ADICIONAL--NOMBRE DE PERSONA
Nombre de persona Pichardo, Alejandro
9 (RLIN) 238
700 1# - PUNTO DE ACCESO ADICIONAL--NOMBRE DE PERSONA
Nombre de persona García Ramírez, José
9 (RLIN) 56784
Holdings
Estado de retiro Estado de pérdida No para préstamo Código de colección Localización permanente Ubicación/localización actual Ubicación en estantería Fecha de adquisición Número de inventario Total de préstamos Signatura topográfica completa Código de barras Fecha visto por última vez Precio válido a partir de Tipo de ítem Koha Número de copia
    Excluido de préstamo Patrimonio Dominicano Patrimonio Dominicano Patrimonio Dominicano En catalogación 28.04.2011 LF1   xxx G943t 30076-10 25.06.2020 25.06.2020 Libro y Folleto Colección Patrimonio Dominicano  
    Excluido de préstamo Patrimonio Dominicano Patrimonio Dominicano Patrimonio Dominicano En catalogación 28.04.2011 LF1   xxx G943t 30076-20 25.06.2020 25.06.2020 Libro y Folleto Colección Patrimonio Dominicano e. 2

Powered by Koha